000 00687nam a2200217Ia 4500
003 GCL
008 140319s9999 xx 000 0 ara d
040 _aGCL /
_cGCL
082 0 4 _a530
_bر ا
100 1 _aرافت كامل واصف
245 1 0 _aاساسيات الفيزياء الكلاسيكية والمعاصرة /
_cرافت كامل واصف
260 _a[S.N] :
_bدار النشر للجامعات المصرية ،
_c1994
300 _a768 ص
490 _a
650 0 4 _aالفيزياء
650 0 4 _aالفيزياء التطبيقية
650 0 4 _aالطاقة
650 0 4 _aعلم الجوامد
650 0 4 _aالمادة والطاقة
942 _2ddc
_cBK
999 _c36938
_d36938